Cómo descubrir el alma del servicio : (Registro nro. 10219)

Detalles MARC
000 -LIDER
fixed length control field 00926nam a22003017b 4500
001 - NÚMERO DE CONTROL
Identificador de número de control 00522042
003 - IDENTIFICACDOR DE NÚMERO DE CONTROL
control field DO-SdBNP
005 - DATE AND TIME OF LATEST TRANSACTION
control field 20240527130824.0
007 - CAMPOS FIJOS DE DESCRIPCIÓN FÍSICA
fixed length control field 00522042
008 - ELEMENTOS DE LONGITUD FIJA
fixed length control field 961009s2000 sp || ||spa
016 7# - NO. DE CONTROL DE LA AGENCIA BIB. NACIONAL
Source BPMSU
020 ## - ISBN
International Standard Book Number 9506413150
040 ## - FUENTE DE CATALOGACIÓN
Agencia que crea de manera original el registro BPMSU
Idioma de catalogación spa
Agencia que realiza la transcripción BPMSU
Convenciones de la despripción
082 #4 - NÚMERO DE CLASIFICACIÓN DECIMAL DE DEWEY
Classification number 658.81
Item number B534c 2000
Edition number 22
100 1# - ASIENTO PRINCIPAL -- NOMBRE PERSONAL
Nombre personal Berry, Leonard L
Fechas asociadas con el nombre 1942-
240 10 - TITULO UNIFORME
Idioma de una obra
245 10 - MENCIÓN DE TITULO
Título Cómo descubrir el alma del servicio :
Subtítulo los nueve motores del éxito empresario sostenido /
Mención de responsabilidad Leonard L Berry ; traducción Adriana Oklander
Medio (Designación general de material)
250 ## - MENCIÓN DE EDICION
Mención de edición
260 ## - PUBLICACIÓN, DISTRIBUCIÓN, ETC. (PIE DE IMPRENTA)
Lugar de publicación, distribución, etc Buenos Aires :
Nombre del editor, distribuidor, etc. Juan Granica,
Fecha de publicación, distribución, etc 2000.
300 ## - DESCRIPCIÓN FÍSICA
Extensión 379 p. :
Otros detalles físicos il.;
Dimensiones 25 cm
490 0# - MENCIÓN DE SERIES
Mención de serie Master
Volume/sequential designation
500 ## - NOTA GENERAL
Nota general Incluye índice
650 #4 - ENCABEZAMIENTO DE MATERIA--TEMÁTICO
Término temático o nombre geográfico como elemento de entrada Servicio al cliente
Subdivisión temática general Control de calidad.
650 #4 - ENCABEZAMIENTO DE MATERIA--TEMÁTICO
Término temático o nombre geográfico como elemento de entrada Éxito en los negocios
700 1# - ASIENTO SECUNDARIO -- NOMBRE PERSONAL
Nombre personal Oklander, Adriana
Mención de responsabilidad traductor
910 ## - VALIDACIÓN
Validación VMateo V. Control de calidad. BPMSU
942 ## - ADDED ENTRY ELEMENTS (KOHA)
Source of classification or shelving scheme Dewey Decimal Classification
Koha item type Libros
Existencias
Withdrawn status Lost status Source of classification or shelving scheme Damaged status Not for loan Collection code Home library Current library Date acquired Source of acquisition Total Checkouts Full call number Barcode Date last seen Price effective from Koha item type
    Dewey Decimal Classification     Colección General Biblioteca Pública Metropolitana Salomé Ureña Biblioteca Pública Metropolitana Salomé Ureña 06/17/2016 FUNDI   BPMSU CG 658.81 B534c 2000 BPMSU18010018 06/17/2016 06/17/2016 Libros